000 00854nam a2200241Ia 4500
003 GCL
008 140319s9999 xx 000 0 ara d
040 _aGCL /
_cGCL
082 0 4 _a953
_bع م
100 1 _aعبدالله حنا
245 1 0 _aالمجتمعان الاهلى والمدنى فى الدولة العربية الحديثة /
_cعبدالله حنا
250 _aالاولى
260 _aالقاهرة :
_bدار المدى للثقافة والنشر ،
_c2002
300 _a416 ص ؛
_c20 سم
650 0 4 _aالاحوال الاجتماعية
650 0 4 _aالاحوال السياسية
650 0 4 _aالديمقراطية
650 0 4 _aالاحزاب السياسية
650 0 4 _aالامبراطورية العثمانية
650 0 4 _aالاقطاع
650 0 4 _aالمجتمع المدنى
942 _2ddc
_cBK
999 _c5658
_d5658